01087nam a2200241Ia 4500003000900000008004100009020001800050040001600068080001500084111010000099245024800199260003700447300001600484490005400500650002400554650002500578700002900603700003000632700002600662942000700688999001700695952013300712IN-BaIIA211028s9999 xx 000 0 eng d a0-415-30936-0 cIIA Library a523.4bEAR aSymposium Study of the Earth's Deep Interior exetern7thcEnglandd2000 July 30 - Aug. 4928558 0aEarth's core and lower mantlebcontributions from SEDI 2000,The 7th symposium study of the Earth's deep interior exeter, 30th July - 4th Aug 2000cedited by C. A. Jones, Soward, A. M. and K. Zhang  aLondonbTaylor and Francisc2003 aviii, 218p. aThe fluid mechanics of astrophysics and geography aEarth's core928559 aEnergy fluxes928560 aJones, C. A., ed.928561 aSoward, A. M., ed.913623 aZhang, K., ed.928562 cBK c15472d15472 00104070aBANbBANcGENd2003-10-20eANJ g6108.00l0o523.4/ EARp16394r2021-11-05v6108.00w2003-10-20yBKGRs. 6108.00